Statistiques concernant Culture Générale - Série 507

Cliquez ici pour prendre le quiz!

Statistiques générales

  • Ce quiz a été pris 224 fois
  • Le résultat moyen est 9 sur 10

Statistiques - réponses

QuestionRéponse% Correct
De quel pays la Castille est-elle une région ?Espagne
99%
De quel pays l'Etat du Montana fait-il partie ?Etats-Unis
96%
De quelle couleur est la chemise de Lucky Luke ?Jaune
96%
Quel organe du corps humain appelle-t-on familièrement le palpitant ?coeur
95%
Selon la superstition, quel objet condamne celui qui le brise à sept ans de malheur ?miroir
95%
Quel animal donne son nom à un slip d'homme muni d'une poche ouverte devant ?kangourou
94%
Quel éminent titre religieux Mazarin obtient-il en 1641 ?Cardinal
85%
Quel sport pratiquez-vous si vous réalisez un "birdie", un "eagle" ou un "albatros" ?golf
80%
En 1976, quel avion effectue son premier vol commercial de Paris à Rio de Janeiro ?Concorde
79%
Selon l'expression, quel fruit se garde-t-on "pour la soif" ?poire
76%

Distribution des résultats

Percentile par nombre de réponses

% des personnes avec chaque résultat

Votre développement - résultats

Vous n’avez pas pris ce quiz